000 00275nam a2200109Ia 4500
008 230724s1999 xx und d
041 _aeng
100 _aPATEL K M
245 _aNAAC ACCCREDITATION OF HIGHER EDUCATION
260 _bMARK PUBLISHISHER
_c1999
300 _a2005
999 _c1173750
_d1173750